MARC детайли
| 000 -Лидер |
| Контролно поле с фиксирана дължина |
02967nam a2200493 a 4500 |
| 003 - Код на организацията, давaща контролен номер |
| Контролно поле |
BLK |
| 005 - Дата и час на последна редакция |
| Контролно поле |
20240429160647.0 |
| 008 - Елементи от данни с фиксирана дължина |
| fixed length control field |
180411b bul|||||r ||||||| ||bul|| |
| 010 ## - Наследен системен номер |
| LC control number |
KNG00212378000 |
| 020 ## - Международен стандартен номер на книга ISBN |
| Международен стандартен номер на книга ISBN |
978-619-151-394-9 |
| 040 ## - Източник на каталожния запис |
| Идентификатор на билиотеката - собственик на записа |
BLK |
| 041 ## - Код за език |
| Код за езика на текст/звукозапис или на отделно заглавие |
Български |
| Код за езика КДБФ |
Български |
| 072 #7 - Код за тематичната категория |
| Код организация |
bullib |
| Код за тематична категория |
Н37 |
| Текст |
Образование. Педагогика Н |
| 080 ## - УДК |
| Текстов определител УДК |
Организация на възпитанието и образованието. Училищно дело. |
| УДК код - определител по УДК |
37.09 |
| УДК определител |
.015.3/.4 |
| УДК - код + определител |
37.09.015.3/.4 |
| 080 ## - УДК |
| Текстов определител УДК |
Основни отношения |
| УДК код - определител по УДК |
316.647 |
| УДК определител |
-053.5 |
| УДК - код + определител |
316.647-053.5 |
| 080 ## - УДК |
| Текстов определител УДК |
Психология на детската възраст. Интелектуално развитие на децата. Психически особености. Детски представи, описани в разкази |
| УДК код - определител по УДК |
159.922.7 |
| УДК - код + определител |
159.922.7 |
| 080 ## - УДК |
| Текстов определител УДК |
Живот и бит на учениците - Обществени проблеми. Контакти. Социално положение и среда. Ученически дружества и организации с различен характер, клубове, общежития, обичаи и традиции, униформа и д |
| УДК код - определител по УДК |
371.8 |
| УДК - код + определител |
371.8 |
| 100 1# - Редна дума - Автор |
| Автор |
Колоросо, Барбара |
| Авторска отговорност |
първи автор |
| R(LIN) |
81594 |
| 139 ## - Редно поле |
| Редна дума |
Колоросо, Барбара |
| Авторски знак |
Коло - К 79 |
| 245 10 - Сведения за заглавието |
| Заглавие |
Тормоз в училище |
| Подзаглавни данни |
Насилникът, жертвата и наблюдателят : 100 начини да защитите детето си |
| Редно поле (дума) |
Барбара Колоросо; прев. Весела Ангелова. |
| 257 ## - Страна на издаване |
| Страна на създаване/издаване |
България |
| 260 ## - Област на издателските данни |
| Име на издателя, разпространителя и проч. |
СофтПрес |
| Година на издаване |
2017 |
| Печатница |
Добрич : ФолиАрт |
| 300 ## - Физическа характеристика |
| Страници |
368 с. |
| Размери/Мащаб |
20 см |
| 380 ## - Жанр |
| Жанр |
Обществени науки |
| 500 ## - Общи забележки |
| Забележка |
Ориг. загл. The Bully, the Bullied, and the Bystander / Barbara Coloroso. - Съдържа и за авт. - Термини от интернет и социалните медии ; Азб. показалец. - Библиогр. с. 357-359. |
| 650 #4 - Допълнително описание по предмет – тема |
| Основно описание – тема или топоним |
Агресия - при децата |
| 9 (RLIN) |
259475 |
| 650 #4 - Допълнително описание по предмет – тема |
| Основно описание – тема или топоним |
Училища - социологически проблеми |
| 9 (RLIN) |
272383 |
| 650 #4 - Допълнително описание по предмет – тема |
| Основно описание – тема или топоним |
Детска и педагогическа психология |
| 9 (RLIN) |
244538 |
| 650 #4 - Допълнително описание по предмет – тема |
| Основно описание – тема или топоним |
Насилие - психологични проблеми |
| 9 (RLIN) |
273786 |
| 650 #4 - Допълнително описание по предмет – тема |
| Основно описание – тема или топоним |
Ученици - социални проблеми |
| 9 (RLIN) |
312000 |
| 653 ## - Ключова дума – ненормативна |
| Ключова дума |
насилие над деца |
| 653 ## - Ключова дума – ненормативна |
| Ключова дума |
агресивност |
| 653 ## - Ключова дума – ненормативна |
| Ключова дума |
детска психология |
| 653 ## - Ключова дума – ненормативна |
| Ключова дума |
педагогическа психология |
| 659 ## - Тематичен бюлетин |
| Тематичен бюлетин |
Н |
| 700 1# - Други автори (авторска отговорност) |
| Лично име |
Ангелова, Весела |
| Автороска отговорност (Описва отношението между автора и произведението) |
прев. |
| 9 (RLIN) |
372689 |
| 852 ## - Местоположение |
| Форматна сигнатура |
Цб 287174 |
| 856 4# - Електронен адрес и достъп |
| Електронен формат |
pdf - файл |
| 856 4# - Електронен адрес и достъп |
| Електронен формат |
pdf - файл |
| 999 ## - СИСТЕМНИ КОНТРОЛНИ НОМЕРА |
| Koha biblionumber |
202886 |
| Koha biblioitemnumber |
202886 |
| 942 ## - АРТИКУЛИ |
| Вид на библиотечния материал |
Книги |
| Скрит в OPAC |
Не |
| Koha issues (borrowed), all copies |
22 |
| 944 ## - СЪЗДАВАНЕ И РЕДАКЦИЯ на ЗАПИСА |
| Създаване/Редакция |
Създаване |
| Дата на регистрацията/редакция |
19.09.2017 |
| Статус, дата на статуса |
Минев Младен |
| Служител, извършил регистрацията/редакцията |
30530 |
| 944 ## - СЪЗДАВАНЕ И РЕДАКЦИЯ на ЗАПИСА |
| Създаване/Редакция |
Редакция |
| Дата на регистрацията/редакция |
27.09.2017 |
| Статус, дата на статуса |
ф / |
| Служител, извършил регистрацията/редакцията |
Людмила_Стоянова |
| 999 ## - СИСТЕМНИ КОНТРОЛНИ НОМЕРА |
| Koha biblioitemnumber |
202886 |